000
00267nam a22001097a 4500
082
_a
623.4519 PUC'G
100
_a
PUCKETT, ALLEN E,RAMO, SIMON'
_9
58938
245
_a
GUIDED MISSILE ENGINEERING
260
_a
NEWYORK
_b
MCGRAW HILL
_c
1959
300
_a
497P
942
_c
BK
999
_c
569009
_d
569009